El derecho a la salud a la luz del Código Civil y Comercial de la Nación (Registro nro. 31746)

Detalles MARC
000 -LEADER
fixed length control field 00376 a2200109 4500
001 - CONTROL NUMBER
control field ART_46548
005 - DATE AND TIME OF LATEST TRANSACTION
control field 20260410162006.0
008 - FIXED-LENGTH DATA ELEMENTS--GENERAL INFORMATION
fixed length control field 260409a
100 1# - MAIN ENTRY--PERSONAL NAME
Personal name Rebaudi Basavilbaso, Ignacio M.
245 10 - TITLE STATEMENT
Title El derecho a la salud a la luz del Código Civil y Comercial de la Nación
773 0# - HOST ITEM ENTRY
Title Temas de derecho civil
Related parts - Año 4, N° 6 (jun. 2018)
Record control number REV34778

No hay ítems disponibles.